Rural development and poverty alleviation programmes: (Record no. 163394)

MARC details
000 -LEADER
fixed length control field 00707nam a2200193 4500
005 - DATE AND TIME OF LATEST TRANSACTION
control field 20190412145121.0
010 ## - LCCN (DPL NO)
LC control number ENG-125048
020 ## - INTERNATIONAL STANDARD BOOK NUMBER
International Standard Book Number 9789386695086
Terms of availability 395.00
035 ## - SYSTEM CONTROL NUMBER
System control number EN-108580
037 ## - SOURCE OF ACQUISITION
Source of stock number/acquisition DBAD/PUB
082 ## - DEWEY DECIMAL CLASSIFICATION NUMBER
Classification number 307.140
100 ## - MAIN ENTRY--PERSONAL NAME
Personal name Rao, P.V. Ramana
245 ## - TITLE STATEMENT
Title Rural development and poverty alleviation programmes:
Remainder of title Mahatma Gandhi national rural employment guarantee schemes/
Statement of responsibility, etc by P.V.Ramana Rao
260 ## - PUBLICATION, DISTRIBUTION, ETC. (IMPRINT)
Place of publication, distribution, etc New Delhi
Name of publisher, distributor, etc Aryan Publications
Date of publication, distribution, etc 2018
270 ## - ADDRESS
Address 110, Gali No.4, Harphool Vihar, Bapraula
City New Delhi
Postal code 110043
Electronic mail address aryanpublication12@gmail.com
300 ## - PHYSICAL DESCRIPTION
Extent xi,116p.
Dimensions 23cm(Hb)
500 ## - GENERAL NOTE
General note includes references and index
942 ## - ADDED ENTRY ELEMENTS (KOHA)
Source of classification or shelving scheme Dewey Decimal Classification
Item type English Books
Classification part 307.140
Call number suffix RAO
Holdings
Withdrawn status Lost status Not for loan Collection code Home library Current library Date acquired Source of acquisition Cost, normal purchase price Full call number Barcode Copy number Cost, replacement price Koha item type
    Not For Loan Non-fiction D.B.Act.Division Ashok Vihar 12/04/2019 DBAD/PUB 395.00 307.140 RAO EN-108580 1 395.00 English Books

© Delhi Public Library
Hit Counter
free hit counter